<?xml version="1.0" encoding="UTF-8"?>
<record
    xmlns:xsi="http://www.w3.org/2001/XMLSchema-instance"
    xsi:schemaLocation="http://www.loc.gov/MARC21/slim http://www.loc.gov/standards/marcxml/schema/MARC21slim.xsd"
    xmlns="http://www.loc.gov/MARC21/slim">

  <leader>01567nam a2200349 i 4500</leader>
  <datafield tag="999" ind1=" " ind2=" ">
    <subfield code="c">7823</subfield>
    <subfield code="d">7823</subfield>
  </datafield>
  <controlfield tag="001">991060982776206706</controlfield>
  <controlfield tag="003">OSt</controlfield>
  <controlfield tag="005">20231205111551.0</controlfield>
  <controlfield tag="008">230524e202302  spc||||  |||| 0|0 0dcat| </controlfield>
  <datafield tag="015" ind1=" " ind2=" ">
    <subfield code="a">LL2023</subfield>
    <subfield code="2">bnc</subfield>
  </datafield>
  <datafield tag="017" ind1=" " ind2=" ">
    <subfield code="a">DL B 6855-2023</subfield>
    <subfield code="b">Biblioteca de Catalunya</subfield>
  </datafield>
  <datafield tag="020" ind1=" " ind2=" ">
    <subfield code="a">9788412616125</subfield>
  </datafield>
  <datafield tag="040" ind1=" " ind2=" ">
    <subfield code="a">ES-BaBC</subfield>
    <subfield code="b">cat</subfield>
    <subfield code="e">rda</subfield>
    <subfield code="c">CDMR</subfield>
  </datafield>
  <datafield tag="041" ind1="0" ind2=" ">
    <subfield code="a">cat</subfield>
    <subfield code="a">spa</subfield>
  </datafield>
  <datafield tag="043" ind1=" " ind2=" ">
    <subfield code="a">e-sp---</subfield>
    <subfield code="b">e-spcba</subfield>
    <subfield code="2">catmarc</subfield>
  </datafield>
  <datafield tag="080" ind1=" " ind2=" ">
    <subfield code="a">654.191</subfield>
    <subfield code="x">(460.23 Ba Hospitalet de Llobregat)</subfield>
    <subfield code="x">(091)</subfield>
    <subfield code="2">2004</subfield>
  </datafield>
  <datafield tag="080" ind1=" " ind2=" ">
    <subfield code="a">654.195</subfield>
    <subfield code="x">(460.23 Ba Hospitalet de Llobregat)</subfield>
    <subfield code="x">(091)</subfield>
    <subfield code="2">2004</subfield>
  </datafield>
  <datafield tag="100" ind1="1" ind2=" ">
    <subfield code="a">Berbel, Llu&#xED;s,</subfield>
  </datafield>
  <datafield tag="245" ind1="1" ind2="0">
    <subfield code="a">R&#xE0;dio L'Hospitalet : la comunicaci&#xF3; perduda :</subfield>
    <subfield code="b">l'emissora que l'Ajuntament va obrir fa 40 anys i va tancar fa una d&#xE8;cada, com si fos seva /</subfield>
    <subfield code="c">Llu&#xED;s Berbel ...[et al.]</subfield>
  </datafield>
  <datafield tag="264" ind1=" " ind2="1">
    <subfield code="a">L'Hospitalet :</subfield>
    <subfield code="b">Foment de la Informaci&#xF3; Cr&#xED;tica,</subfield>
    <subfield code="c">2023</subfield>
  </datafield>
  <datafield tag="300" ind1=" " ind2=" ">
    <subfield code="a">144 p&#xE0;gines :</subfield>
    <subfield code="b">il&#xB7;lustracions en color ;</subfield>
    <subfield code="c">22 cm</subfield>
  </datafield>
  <datafield tag="500" ind1=" " ind2=" ">
    <subfield code="a">Inclou codis QR amb acc&#xE9;s a contingut addicional</subfield>
  </datafield>
  <datafield tag="505" ind1=" " ind2=" ">
    <subfield code="a">Cont&#xE9; aportacions de: Llu&#xED;s Berbel, Ildefonso Cabrera, Enrique Conde, Antoni Garcia Araus, Manolo Garrido, Carmen Juan, Fulgencio L&#xF3;pez, &#xC1;lex Salmon, Marga Sol&#xE9;, Jes&#xFA;s A. Vila</subfield>
  </datafield>
  <datafield tag="546" ind1=" " ind2=" ">
    <subfield code="a">Text en catal&#xE0; i castell&#xE0;</subfield>
  </datafield>
  <datafield tag="610" ind1="2" ind2="7">
    <subfield code="a">Radio L'Hospitalet</subfield>
    <subfield code="x">Hist&#xF2;ria.</subfield>
    <subfield code="2">lemac</subfield>
  </datafield>
  <datafield tag="650" ind1=" " ind2="7">
    <subfield code="a">Radioemissores</subfield>
    <subfield code="z">Catalunya</subfield>
    <subfield code="z">Hospitalet de Llobregat</subfield>
    <subfield code="x">Hist&#xF2;ria.</subfield>
    <subfield code="2">lemac</subfield>
  </datafield>
  <datafield tag="650" ind1=" " ind2="7">
    <subfield code="a">Radiodifusi&#xF3;</subfield>
    <subfield code="z">Catalunya</subfield>
    <subfield code="z">Hospitalet de Llobregat</subfield>
    <subfield code="x">Hist&#xF2;ria.</subfield>
    <subfield code="2">lemac</subfield>
  </datafield>
  <datafield tag="710" ind1="2" ind2=" ">
    <subfield code="a">Associaci&#xF3; Foment de la Informaci&#xF3; Cr&#xED;tica.</subfield>
  </datafield>
  <datafield tag="908" ind1=" " ind2=" ">
    <subfield code="a">BC</subfield>
  </datafield>
  <datafield tag="940" ind1=" " ind2=" ">
    <subfield code="a">BC</subfield>
  </datafield>
  <datafield tag="942" ind1=" " ind2=" ">
    <subfield code="2">udc</subfield>
    <subfield code="c">MON</subfield>
  </datafield>
  <datafield tag="952" ind1=" " ind2=" ">
    <subfield code="0">0</subfield>
    <subfield code="1">0</subfield>
    <subfield code="4">0</subfield>
    <subfield code="7">0</subfield>
    <subfield code="a">CDMR</subfield>
    <subfield code="b">CDMR</subfield>
    <subfield code="d">2023-12-05</subfield>
    <subfield code="e">Donaci&#xF3;</subfield>
    <subfield code="l">0</subfield>
    <subfield code="o">Eu /32</subfield>
    <subfield code="p">CDMR23120001</subfield>
    <subfield code="r">2023-12-05</subfield>
    <subfield code="w">2023-12-05</subfield>
    <subfield code="y">MON</subfield>
  </datafield>
</record>
